Word Ladder: Möbius Strip Quiz Stats

 Plays Quiz Updated Sep 21, 2012

Support Sporcle.
Go Orange.
Score 0/44 Timer 05:00
0 Plays Today
Hint Word % Correct
A place for swimmingPOOL
99.6%
Survey of public opinionPOLL
96.3%
'No ifs, ands or ____'BUTS
93.7%
Winged cave dwellersBATS
92.2%
Animal companionsPETS
91.5%
Cooking vesselsPOTS
91.4%
Pestilential rodentsRATS
90.9%
New York baseball teamMETS
89.2%
'Things aren't always what they ____'SEEM
88.6%
What a hip hop MC doesRAPS
88.5%
They might be hot and crossBUNS
88.5%
Knock and it shall be openedDOOR
88.2%
Something you might wish uponSTAR
87.9%
Unwanted emailSPAM
87.8%
Where two pieces are sewn togetherSEAM
86.7%
Word on an octagonal signSTOP
86.6%
Rubbish or recycling receptaclesBINS
86.4%
Bottom part of a flower or wine glassSTEM
86.2%
Wound with a daggerSTAB
86%
Practice at boxingSPAR
85.9%
Guys on the campaign trailPOLS
85.5%
Navigational aidsMAPS
84.6%
Hint Word % Correct
Ticket remainderSTUB
83.4%
Every journey begins with one of theseSTEP
82.4%
Fashion designer ChristianDIOR
78.3%
Unavoidable fateDOOM
77.8%
Apparatus for weavingLOOM
75.7%
Rude refusal to recognizeSNUB
71.5%
A path that curves back on itselfLOOP
66.5%
Splash or spill overSLOP
64.8%
Unfair preference or prejudiceBIAS
63%
Declared, remarked, asserted, etcSAID
61.7%
Surprise attackRAID
57%
A performance-enhancing drug, for shortROID
51.4%
Argentine football manager Juan ManuelLLOP
48.3%
Explorer who preceded Da GamaDIAS
45.1%
Iranian auto makerDIAR
43.2%
Jemison and WestMAES
36.7%
Belgian footballer VictorMEES
34.3%
State of mindMOOD
32.2%
Latch a door or windowSNIB
29.5%
A drink additive (sucrose acetate isobutyrate)SAIB
29.1%
Old land measure equal to a quarter acreROOD
27.2%
Former Google alternativeMOOL
14%

Today's Daily Dose

Missing Word
50 Cent Songs

Word Ladder
Close Gunshot

Quick Pick
Pop Punk Bands

Get the Picture
An 'S' in Disney

From the Vault

Letter 'N' Bunker

by Flick

We kept all the Ns inside of a bunker and lost the key so you have to go find them.
Remove Ads.
Support Sporcle.
Get the best of Sporcle when you Go Orange. This ad-free experience offers more features, more stats, and more fun while also helping to support Sporcle. Thank you for becoming a member.

Show Comments

Extras

Top Quizzes Today


Score Distribution

Your Account Isn't Verified!

In order to create a playlist on Sporcle, you need to verify the email address you used during registration. Go to your Sporcle Settings to finish the process.

Report this User

Report this user for behavior that violates our Community Guidelines.

Details: